[Event "Martinique-ch 31th"]
[Site "Madiana"]
[Date "2015.05.16"]
[Round "7"]
[White "Marceline, Philippe"]
[Black "Suez Panama, Gilles"]
[Result "0-1"]
[WhiteElo "1904"]
[BlackElo "2038"]
[PlyCount "52"]
[EventDate "2015.05.16"]
[EventType "tourn"]
[EventRounds "11"]
[EventCountry "FRA"]
[SourceTitle "EXT 2016"]
[Source "ChessBase"]
[SourceDate "2015.10.08"]
[SourceVersion "1"]
[SourceVersionDate "2015.10.08"]
[SourceQuality "1"]

1. e4 e6 2. b3 d5 3. Bb2 dxe4 4. Nc3 Nf6 5. Qe2 Be7 6. Nxe4 0-0 7. Nf3 a5 8. a4 Nbd7 9. 0-0-0 c6 10. Nxf6+ Bxf6 11. d4 b5 12. axb5 cxb5 13. Qe4 Rb8 14. Bd3 g6 15. h4 Bb7 16. Qf4 a4 17. Ng5 axb3 18. cxb3 Bd5 19. Bc2 Rc8 20. Kb1 Qa5 21. Nxh7 Rxc2 22. Nxf6+ Nxf6 23. Kxc2 Be4+ 24. Rd3 Rc8+ 25. Kd1 Bxd3 26. Qxf6 Qc7 0-1

[Event "Martinique-ch"]
[Site "Schoelcher"]
[Date "2014.05.22"]
[Round "6"]
[White "Chancerel, Dominique"]
[Black "Marceline, Philippe"]
[Result "1-0"]
[WhiteElo "1827"]
[BlackElo "1945"]
[PlyCount "79"]
[EventDate "2014.05.17"]
[EventType "tourn"]
[EventRounds "11"]
[EventCountry "FRA"]
[SourceTitle "CBM 160 Extra"]
[Source "ChessBase"]
[SourceDate "2014.07.01"]
[SourceVersion "1"]
[SourceVersionDate "2014.07.01"]
[SourceQuality "1"]

1. e4 c5 2. Nf3 e6 3. d4 cxd4 4. Nxd4 Nf6 5. Bd3 Nc6 6. Nxc6 bxc6 7. 0-0 Bc5 8. Nc3 Qc7 9. Qf3 h5 10. Bf4 Bd6 11. Bxd6 Qxd6 12. Rfe1 Qe5 13. h3 Bb7 14. Qe3 g5 15. g3 Ke7 16. Nb1 Qxb2 17. Nd2 Qb6 18. e5 Nh7 19. Qe2 g4 20. Nc4 Qd4 21. Nd6 Ng5 22. Nxb7 Nf3+ 23. Kh1 Nxe1 24. Rxe1 h4 25. Qxg4 Qxg4 26. hxg4 hxg3+ 27. Kg2 gxf2 28. Kxf2 Rh2+ 29. Ke3 Rg8 30. Rg1 Rh4 31. Be2 Rh3+ 32. Bf3 Rh2 33. Be4 Rh3+ 34. Kf4 Ra3 35. Ra1 Rb8 36. Nc5 Rb5 37. Nb3 a5 38. Nd4 Rb2 39. Rd1 c5 40. Nb3 1-0

[Event "Martinique-ch"]
[Site "Schoelcher"]
[Date "2014.05.17"]
[Round "2"]
[White "Marceline, Philippe"]
[Black "Rapon, Karl Loic"]
[Result "1/2-1/2"]
[WhiteElo "1945"]
[BlackElo "2053"]
[PlyCount "43"]
[EventDate "2014.05.17"]
[EventType "tourn"]
[EventRounds "11"]
[EventCountry "FRA"]
[SourceTitle "CBM 160 Extra"]
[Source "ChessBase"]
[SourceDate "2014.07.01"]
[SourceVersion "1"]
[SourceVersionDate "2014.07.01"]
[SourceQuality "1"]

1. e4 c5 2. Nf3 d6 3. Bb5+ Nc6 4. 0-0 Bd7 5. Re1 Nf6 6. c3 Ne5 7. Bxd7+ Nfxd7 8. d4 Nxf3+ 9. Qxf3 g6 10. e5 dxe5 11. dxe5 Qc8 12. e6 Nf6 13. exf7+ Kxf7 14. Nd2 Bg7 15. Ne4 h6 16. Nxf6 Bxf6 17. h4 b6 18. h5 Qf5 19. hxg6+ Kxg6 20. Qxf5+ Kxf5 21. Be3 Rad8 22. Rad1 1/2-1/2

[Event "Martinique-ch"]
[Site "Schoelcher"]
[Date "2014.05.17"]
[Round "1"]
[White "Verneuil, Pascal"]
[Black "Marceline, Philippe"]
[Result "1-0"]
[WhiteElo "2079"]
[BlackElo "1945"]
[PlyCount "73"]
[EventDate "2014.05.17"]
[EventType "tourn"]
[EventRounds "11"]
[EventCountry "FRA"]
[SourceTitle "CBM 160 Extra"]
[Source "ChessBase"]
[SourceDate "2014.07.01"]
[SourceVersion "1"]
[SourceVersionDate "2014.07.01"]
[SourceQuality "1"]

1. e4 c5 2. b3 Nf6 3. e5 Nd5 4. Bb2 Nc6 5. Nf3 e6 6. Nc3 Nxc3 7. Bxc3 d5 8. exd6 Qxd6 9. Bc4 f6 10. Nh4 Qf4 11. Nf3 e5 12. Qe2 Bg4 13. Bd5 Be7 14. g3 Qf5 15. 0-0-0 Rd8 16. Be4 Qd7 17. h3 Be6 18. Nh4 g6 19. f4 exf4 20. gxf4 Bd5 21. f5 Bxe4 22. Qxe4 g5 23. Bxf6 0-0 24. Bb2 Nd4 25. Rhg1 Nxf5 26. Nxf5 Rxf5 27. d4 Bf6 28. dxc5 Bxb2+ 29. Kxb2 Qg7+ 30. Kb1 Rdf8 31. Qc4+ Qf7 32. Qd4 Rc8 33. h4 h6 34. hxg5 Rxg5 35. Rxg5+ hxg5 36. Rh1 Qg7 37. Qd5+ 1-0

[Event "Martinique-ch 29th"]
[Site "Fort de France"]
[Date "2013.05.22"]
[Round "9"]
[White "Midonet, Matthieu"]
[Black "Marceline, Philippe"]
[Result "1-0"]
[WhiteElo "2138"]
[BlackElo "1984"]
[PlyCount "69"]
[EventDate "2013.05.18"]
[EventType "tourn"]
[EventRounds "11"]
[EventCountry "MFR"]
[SourceTitle "EXT 2014"]
[Source "ChessBase"]
[SourceDate "2013.11.20"]
[SourceVersion "1"]
[SourceVersionDate "2013.11.20"]
[SourceQuality "1"]

1. e4 d6 2. d4 Nf6 3. Nc3 e5 4. Nf3 Nbd7 5. Bc4 Be7 6. 0-0 0-0 7. Re1 c6 8. a4 Qc7 9. dxe5 Nxe5 10. Nxe5 dxe5 11. Qf3 b6 12. h3 a6 13. Ne2 Nd7 14. Ng3 Nc5 15. Nh5 Be6 16. Bxe6 Nxe6 17. Qg4 Kh8 18. Bd2 g6 19. Ng3 Bf6 20. c3 Rfd8 21. Rad1 Rd3 22. Bg5 Bxg5 23. Rxd3 Rd8 24. Rxd8+ Bxd8 25. Qd1 Be7 26. Ne2 Kg7 27. Nc1 Nf8 28. Qd3 Qc8 29. Rd1 f6 30. Qc4 Ne6 31. Ne2 Kf8 32. b4 Nd8 33. Qd3 Ke8 34. Qe3 Qb7 35. Qh6 1-0

[Event "Martinique-ch 29th"]
[Site "Fort de France"]
[Date "2013.05.21"]
[Round "8"]
[White "Marceline, Philippe"]
[Black "Chancerel, Dominique"]
[Result "1-0"]
[WhiteElo "1984"]
[BlackElo "1832"]
[PlyCount "59"]
[EventDate "2013.05.18"]
[EventType "tourn"]
[EventRounds "11"]
[EventCountry "MFR"]
[SourceTitle "EXT 2014"]
[Source "ChessBase"]
[SourceDate "2013.11.20"]
[SourceVersion "1"]
[SourceVersionDate "2013.11.20"]
[SourceQuality "1"]

1. e4 e5 2. Nf3 Nc6 3. Nc3 Nf6 4. Bb5 Nd4 5. Ba4 Bc5 6. 0-0 0-0 7. Nxe5 d6 8. Nd3 Bb6 9. h3 Kh8 10. Nf4 c6 11. Nfe2 g5 12. Nxd4 Bxd4 13. Ne2 Bb6 14. d3 g4 15. h4 Nh5 16. g3 d5 17. Kg2 f5 18. exf5 Bxf5 19. c3 Qf6 20. Bg5 Qg6 21. Bc2 Rae8 22. Qd2 Kg7 23. Nf4 Nxf4+ 24. Bxf4 c5 25. Rac1 Rf7 26. d4 Be4+ 27. Kh2 cxd4 28. cxd4 Bc7 29. Bxc7 Rxc7 30. Bxe4 1-0

[Event "Martinique-ch 29th"]
[Site "Fort de France"]
[Date "2013.05.21"]
[Round "7"]
[White "Mendiondo, Penalver Yosvan"]
[Black "Marceline, Philippe"]
[Result "1/2-1/2"]
[WhiteElo "2040"]
[BlackElo "1984"]
[PlyCount "126"]
[EventDate "2013.05.18"]
[EventType "tourn"]
[EventRounds "11"]
[EventCountry "MFR"]
[SourceTitle "EXT 2014"]
[Source "ChessBase"]
[SourceDate "2013.11.20"]
[SourceVersion "1"]
[SourceVersionDate "2013.11.20"]
[SourceQuality "1"]

1. Nf3 d5 2. b3 Bg4 3. Ne5 Bf5 4. e3 Nd7 5. Bb2 Ngf6 6. Bd3 Bxd3 7. cxd3 Nxe5 8. Bxe5 e6 9. d4 Bd6 10. 0-0 Bxe5 11. dxe5 Nd7 12. f4 f6 13. d4 Qe7 14. Nc3 c6 15. a3 f5 16. b4 0-0 17. g4 g6 18. Kh1 Kh8 19. Ra2 Rac8 20. g5 Kg7 21. h4 Rh8 22. Rh2 a6 23. h5 Rcg8 24. Na4 b5 25. Nc5 Nxc5 26. dxc5 a5 27. hxg6 hxg6 28. Rff2 a4 29. Qf3 Rxh2+ 30. Rxh2 Rh8 31. Kg1 Qf7 32. Rh6 Rh7 33. Qh3 Qg8 34. e4 dxe4 35. Qh2 Rxh6 36. Qxh6+ Kf7 37. Qh2 Ke7 38. Kf1 Ke8 39. Ke1 Ke7 40. Kf1 Ke8 41. Ke1 Ke7 42. Qh6 Kf7 43. Ke2 Ke7 44. Ke3 Ke8 45. Qh1 Ke7 46. Qh2 Ke8 47. Qa2 Ke7 48. Qh2 Ke8 49. Qh1 Ke7 50. Kf2 Ke8 51. Kg3 Ke7 52. Qh2 Ke8 53. Qd2 Qf8 54. Qd1 Qe7 55. Qh1 Qg7 56. Qh2 Qg8 57. Qa2 Ke7 58. Qh2 Ke8 59. Qd2 Qf8 60. Qd1 Qe7 61. Qh1 Qg7 62. Qh2 Qg8 63. Qd2 Qf8 1/2-1/2

[Event "Schoelcher Martinique op"]
[Site "Schoelcher "]
[Date "2013.04.03"]
[Round "1"]
[White "Miezis, Normunds"]
[Black "Marceline, Philippe"]
[Result "1-0"]
[WhiteElo "2556"]
[BlackElo "1983"]
[PlyCount "65"]
[EventDate "2013.04.03"]
[EventType "swiss"]
[EventRounds "9"]
[EventCountry "MFR"]
[SourceTitle "CBM 153 Extra"]
[Source "ChessBase"]
[SourceDate "2013.04.22"]
[SourceVersion "1"]
[SourceVersionDate "2013.04.22"]
[SourceQuality "1"]

1. c4 Nf6 2. Nc3 d5 3. cxd5 Nxd5 4. g3 g6 5. Bg2 Nb6 6. d3 Bg7 7. h4 N8d7 8. h5 Nf6 9. h6 Bf8 10. Nf3 c6 11. Bd2 Be6 12. b4 Nfd5 13. Ne4 Nc7 14. Neg5 f6 15. Nxe6 Nxe6 16. Qb3 Nc7 17. Ng5 Nbd5 18. Ne4 e5 19. Rc1 Be7 20. Nc5 Rb8 21. Bh3 Bxc5 22. Rxc5 Qe7 23. e3 Qf7 24. 0-0 0-0 25. b5 Ne7 26. bxc6 Qxb3 27. axb3 Nxc6 28. Rfc1 Kf7 29. Rxc6 bxc6 30. Rxc6 Na8 31. Ra6 Rb7 32. Be6+ Ke7 33. Bd5 1-0

[Event "FRA-ch Accession"]
[Site "Besancon"]
[Date "2006.08.21"]
[Round "6"]
[White "Marceline, Philippe"]
[Black "Le, Samuel"]
[Result "0-1"]
[WhiteElo "1880"]
[BlackElo "1937"]
[PlyCount "70"]
[EventDate "2006.08.15"]
[EventType "swiss"]
[EventRounds "10"]
[EventCountry "FRA"]
[SourceTitle "CBM 113 Extra"]
[Source "ChessBase"]
[SourceDate "2006.09.14"]
[SourceVersion "1"]
[SourceVersionDate "2006.09.14"]
[SourceQuality "1"]

1. e4 d6 2. d4 Nf6 3. Nc3 g6 4. Be3 c6 5. Qd2 h6 6. f3 Nbd7 7. Bd3 e5 8. Nge2 c5 9. dxc5 Nxc5 10. Bb5+ Bd7 11. 0-0-0 Qa5 12. Bxc5 Bxb5 13. Nxb5 Qxb5 14. Ba3 h5 15. Nc3 Qa5 16. Nd5 Bh6 17. f4 Qxd2+ 18. Rxd2 Nxe4 19. Re2 f5 20. Rxe4 fxe4 21. Nf6+ Kf7 22. Nxe4 d5 23. Nd6+ Ke6 24. Nxb7 Bxf4+ 25. Kd1 Be3 26. Ke2 Bb6 27. Nc5+ Bxc5 28. Bxc5 Rhc8 29. b4 d4 30. Kd3 Kd5 31. c4+ dxc3 32. Rf1 a5 33. Rf6 Rc6 34. Rf2 axb4 35. Bxb4 e4+ 0-1